The identification of style in lithic artefacts from North East Africa /
Main Author:
Corporate Authors: ,
Format: Book
Language: English
Published:
Cairo :
Institute d'Egypte,
1977.
Series:
Memoires de l'Institut d'Egypte ;
61.
MIE ;
61.
Subjects:
Tags: Add Tag
Call Number: DT43 .I625 v.61
| LEADER | 01524namaa2200385 4500 | ||
|---|---|---|---|
| 001 | 18892 | ||
| 003 | OSt | ||
| 005 | 20260317121010.0 | ||
| 008 | 130303s1977 ua ab b 000 0 eng d | ||
| 010 | |a 82960626 | ||
| 040 | |c ARCE Library | ||
| 043 | |a ff----- | ||
| 050 | 4 | |a DT43 .I625 v.61 | |
| 100 | 1 | |a Close, Angela E., |e author | |
| 245 | 1 | 4 | |a The identification of style in lithic artefacts from North East Africa / |c by Angela E. Close. |
| 264 | 1 | |a Cairo : |b Institute d'Egypte, |c 1977. | |
| 300 | |a viii, 314 pages : |b illustrations, maps ; |c 24 cm. | ||
| 490 | 1 | |a Memoires de l'Institut d'Egypte ; |v 61. | |
| 490 | 1 | |a MIE ; |v 61. | |
| 500 | |a Spine title : Mémoires de l'Institut d'Egypte. | ||
| 500 | |a Title on pages [4] of cover : Dirāsāt fī mā qabla al-tārīkh. | ||
| 500 | |a "Fourth in a series of reports published by the Geological Survey of Egypt on research related to the work of the Combined Prehistoric Expedition"--P. iii. | ||
| 504 | |a Bibliography : pages 258-263. | ||
| 650 | 0 | |a Paleolithic period |z Africa, North. | |
| 650 | 0 | |a Stone implements |z Africa, North. | |
| 650 | 0 | |a Mesolithic period |z Africa, North. | |
| 651 | 0 | |a Africa, North |x Antiquities. | |
| 710 | 2 | |a Misāḥah al-Jiyūlūjīyah al-Miṣrīyah. | |
| 710 | 2 | |a Combined Prehistoric Expedition to Egyptian and Sudanese Nubia. | |
| 740 | 0 | |a Dirāsāt fī mā qabla al-tārīkh. | |
| 830 | 0 | |a Memoires de l'Institut d'Egypte ; |v 61. | |
| 830 | 0 | |a MIE ; |v 61. | |
| 901 | |a reviewed | ||
| 942 | |c BK |2 lcc | ||
| 999 | |c 15956 |d 15956 | ||
